| 000 | 00723nam a2200241Ia 4500 | ||
|---|---|---|---|
| 001 | 6093 | ||
| 003 | GE_BSU | ||
| 008 | 181216s||||||||xx |||||||||||||| ||und|| | ||
| 040 | _cGE_BSU | ||
| 080 | _a821.353.1-343 | ||
| 100 | _aასათიანი, მამია | ||
| 245 | _aხალდეს ყვავილები | ||
| 245 | _bლეგენდები | ||
| 245 | _cრედ. ც. ნიკოლაიშვილი | ||
| 250 | _a[სტ.N 2] | ||
| 260 | _aთბილისი | ||
| 260 | _bნაკადული | ||
| 260 | _c1966 | ||
| 300 | _a270გვ; 22სმ. | ||
| 653 | _aლეგენდები | ||
| 653 | _aხალდეს ყვავილები | ||
| 942 | _cBK | ||
| 999 |
_c39497 _d39497 |
||